Stories of the Prophets (Record no. 14131)

MARC details
000 -LEADER
fixed length control field 00413nam a2200169 a 4500
020 ## - INTERNATIONAL STANDARD BOOK NUMBER
ISBN 8171015581
082 00 - DEWEY DECIMAL CLASSIFICATION NUMBER
Classification number 297.24
Author Cutter IBN1
100 ## - MAIN ENTRY--AUTHOR NAME
Author name Ibn Kathir,
245 ## - TITLE STATEMENT
Title Stories of the Prophets
260 ## - PUBLICATION, DISTRIBUTION, ETC. (IMPRINT)
Place of publication Delhi
Name of publisher Idara Ishaat-E-diniyat
Year of publication 2013
300 ## - PHYSICAL DESCRIPTION
Number of Pages 464p
500 ## - GENERAL NOTE
General note includes index and biblioraphy
505 2# - FORMATTED CONTENTS NOTE
Formatted contents note index
650 ## - SUBJECT ADDED ENTRY--TOPICAL TERM
Topical Term Prophets in the Quran
942 ## - ADDED ENTRY ELEMENTS (KOHA)
Koha item type Books
700 1# -
-- Ibn Kathir,
Holdings
Collection code Home library Current library Date acquired Cost, normal purchase price Full call number Accession Number Koha item type
  Henry Martyn Institute Library Henry Martyn Institute Library 02/18/2014 250.00 297.24 IBN 024407 Books
                   Copyright © 2026 | Henry Martyn Institute | Hyderabad | TS-500052 | INDIA | Implemented by hmi.edu.in
Hit-Count:

Powered by Koha